[Event "Quebec op"]
[Site "Montreal CAN"]
[Date "1990.08.07"]
[Round "4"]
[White "Vallieres, Mario"]
[Black "Ross, Dave"]
[Result "0-1"]
[WhiteElo "2077"]
[BlackElo "2309"]
[PlyCount "60"]
[GameId "2160767912464573"]
[EventDate "1990.08.04"]
[EventType "swiss"]
[EventRounds "8"]
[EventCountry "CAN"]
[SourceTitle "EXT 2022"]
[Source "ChessBase"]
[SourceDate "2021.10.06"]
[SourceVersion "1"]
[SourceVersionDate "2021.10.06"]
[SourceQuality "1"]

1. d4 e6 2. Nc3 d5 3. Bf4 Bd6 4. Bg3 f5 5. e3 Nf6 6. Nb5 O-O 7. c4 Bb4+ 8. Nc3 Ne4 9. Rc1 c5 10. Be5 Nc6 11. Nf3 Qa5 12. Qc2 cxd4 13. exd4 Qxa2 14. Bd3 b6 15. O-O Bxc3 16. bxc3 Qxc2 17. Rxc2 Ba6 18. Ra1 Bxc4 19. Bxc4 dxc4 20. Ra3 g5 21. Rca2 g4 22. Ne1 Nxe5 23. dxe5 a5 24. f3 gxf3 25. Nxf3 Rfd8 26. Kf1 Rd1+ 27. Ke2 Rc1 28. Rb2 Rxc3 29. Rxc3 Nxc3+ 30. Kd2 Nd5 0-1

[Event "Quebec op"]
[Site "Montreal CAN"]
[Date "1990.08.09"]
[Round "6"]
[White "Ross, Dave"]
[Black "Berube, Richard"]
[Result "1/2-1/2"]
[WhiteElo "2309"]
[BlackElo "2221"]
[PlyCount "51"]
[GameId "2160767912472785"]
[EventDate "1990.08.04"]
[EventType "swiss"]
[EventRounds "8"]
[EventCountry "CAN"]
[SourceTitle "EXT 2022"]
[Source "ChessBase"]
[SourceDate "2021.10.06"]
[SourceVersion "1"]
[SourceVersionDate "2021.10.06"]
[SourceQuality "1"]

1. d4 Nf6 2. Nf3 g6 3. c4 Bg7 4. g3 O-O 5. Bg2 d6 6. Nc3 c6 7. O-O Qa5 8. h3 Be6 9. Qd3 Qa6 10. b3 d5 11. Ne5 dxc4 12. Nxc4 Nd5 13. Ne4 Nd7 14. Bb2 h6 15. Rfd1 Rad8 16. e3 Bf5 17. Qd2 N5b6 18. Na5 Nd5 19. Rac1 Qb6 20. Nc5 Nxc5 21. dxc5 Qc7 22. Bxg7 Kxg7 23. e4 Nf6 24. Qc3 Be6 25. Nc4 Bxc4 26. Qxc4 1/2-1/2

[Event "Quebec op"]
[Site "Montreal CAN"]
[Date "1990.08.10"]
[Round "7"]
[White "Ross, Dave"]
[Black "Saint-Pierre, Benoit"]
[Result "1-0"]
[WhiteElo "2309"]
[BlackElo "2116"]
[PlyCount "81"]
[GameId "2160767912472794"]
[EventDate "1990.08.04"]
[EventType "swiss"]
[EventRounds "8"]
[EventCountry "CAN"]
[SourceTitle "EXT 2022"]
[Source "ChessBase"]
[SourceDate "2021.10.06"]
[SourceVersion "1"]
[SourceVersionDate "2021.10.06"]
[SourceQuality "1"]

1. d4 Nf6 2. Nf3 e6 3. c4 b6 4. g3 Bb7 5. Bg2 Be7 6. O-O O-O 7. Nc3 Ne4 8. Nxe4 Bxe4 9. Nh4 Bxg2 10. Nxg2 d6 11. e4 c6 12. Qe2 Nd7 13. b3 Re8 14. Bb2 d5 15. Rad1 Qc7 16. Qc2 Rac8 17. Ne3 Qb7 18. Qb1 Bf8 19. Rde1 dxc4 20. bxc4 b5 21. Ba1 Rc7 22. Qc2 bxc4 23. Qxc4 Nb6 24. Qc3 Rd8 25. Rb1 Qc8 26. Ng4 c5 27. dxc5 Na4 28. Qf3 Rxc5 29. h4 Nc3 30. Rb3 Nxe4 31. Qxe4 f5 32. Qa4 fxg4 33. Qxa7 Rc1 34. Rb1 Rc7 35. Qe3 Bc5 36. Qe4 Rf7 37. Be5 Qa6 38. a4 Qa7 39. Bf4 Ra8 40. Rb5 Re8 41. Qc6 1-0

[Event "Quebec op"]
[Site "Montreal CAN"]
[Date "1990.08.11"]
[Round "8"]
[White "Abreu Cordero, Jose"]
[Black "Ross, Dave"]
[Result "0-1"]
[WhiteElo "1878"]
[BlackElo "2309"]
[PlyCount "100"]
[GameId "2160767912472797"]
[EventDate "1990.08.04"]
[EventType "swiss"]
[EventRounds "8"]
[EventCountry "CAN"]
[SourceTitle "EXT 2022"]
[Source "ChessBase"]
[SourceDate "2021.10.06"]
[SourceVersion "1"]
[SourceVersionDate "2021.10.06"]
[SourceQuality "1"]

1. c4 b6 2. d4 e6 3. Nf3 Nf6 4. Bg5 Be7 5. e3 h6 6. Bxf6 Bxf6 7. Nc3 Bb7 8. Be2 d6 9. O-O Nd7 10. Qc2 g6 11. Rad1 O-O 12. b4 Qe7 13. Nd2 a6 14. Bf3 c6 15. Nb3 Ra7 16. Ne4 c5 17. dxc5 Bxe4 18. Bxe4 dxc5 19. b5 axb5 20. cxb5 Bg7 21. g3 Ne5 22. Rd2 Qe8 23. f4 Ng4 24. Bc6 Qe7 25. Re1 h5 26. h3 Nf6 27. Red1 Nd5 28. Qd3 c4 29. Qxc4 Nxe3 30. Qe2 Nxd1 31. Qxd1 Qf6 32. Qe2 h4 33. Qf2 hxg3 34. Qxb6 Ra4 35. Qe3 Rxf4 36. Qxg3 Rf5 37. Kh2 Bh6 38. Rd4 e5 39. Rc4 Bf4 40. Rxf4 exf4 41. Qf3 Qb2+ 42. Qg2 Qc3 43. Nd2 Rd8 44. Nf3 Rd1 45. Qe2 Rb1 46. Qe8+ Kg7 47. Qd8 Rb2+ 48. Kh1 Qc1+ 49. Ng1 Qc2 50. Qd4+ Rf6 0-1

[Event "CAN-op"]
[Site "Edmunston CAN"]
[Date "1990.07.07"]
[Round "9"]
[White "Taylor, Gordon"]
[Black "Ross, Dave"]
[Result "1-0"]
[WhiteElo "2420"]
[BlackElo "2307"]
[PlyCount "81"]
[GameId "2160767912472878"]
[EventDate "1990.06.29"]
[EventType "swiss"]
[EventRounds "10"]
[EventCountry "CAN"]
[SourceTitle "EXT 2022"]
[Source "ChessBase"]
[SourceDate "2021.10.06"]
[SourceVersion "1"]
[SourceVersionDate "2021.10.06"]
[SourceQuality "1"]

1. d4 e6 2. c4 b6 3. a3 Nf6 4. Nc3 Bb7 5. d5 Bd6 6. Nf3 O-O 7. g3 c6 8. Bg2 Qe7 9. Bg5 Rd8 10. O-O h6 11. Bxf6 Qxf6 12. Ne4 Qe7 13. Nxd6 Qxd6 14. dxe6 Qxe6 15. Qd3 Na6 16. b4 Nc7 17. Rfd1 Qf6 18. e4 c5 19. Nh4 Rab8 20. Nf5 Ne6 21. f4 Kh7 22. Nd6 Qd4+ 23. Qxd4 Nxd4 24. Nxf7 Rf8 25. Nd6 Ba8 26. Rxd4 cxd4 27. Rd1 Rfd8 28. Rxd4 Kg8 29. Bf3 Kf8 30. Bh5 a6 31. Kf2 Ke7 32. Ke3 Bc6 33. Nf5+ Kf8 34. Rd6 b5 35. c5 a5 36. Rg6 axb4 37. Rxg7 Re8 38. Rf7+ Kg8 39. Nxh6+ Kh8 40. Bg6 Rxe4+ 41. Kd3 1-0

[Event "Quebec-ch"]
[Site "Montreal CAN"]
[Date "1990.06.04"]
[Round "1"]
[White "Lagasse, Pascal"]
[Black "Ross, Dave"]
[Result "0-1"]
[WhiteElo "2062"]
[BlackElo "2330"]
[PlyCount "30"]
[GameId "2160767912472902"]
[EventDate "1990.06.04"]
[EventType "tourn"]
[EventRounds "9"]
[EventCountry "CAN"]
[SourceTitle "EXT 90b"]

1. e4 e6 2. d4 d5 3. Nd2 a6 4. Ngf3 c5 5. c3 Nc6 6. exd5 exd5 7. dxc5 Bxc5 8. Nb3 Ba7 9. Be2 Nf6 10. Bg5 Bxf2+ 11. Kf1 Ba7 12. Bxf6 Qxf6 13. Qxd5 Bf5 14. Qc4 g5 15. h3 b5 0-1

[Event "Quebec-ch"]
[Site "Montreal CAN"]
[Date "1990.06.06"]
[Round "3"]
[White "St Amand, Paul Jr"]
[Black "Ross, Dave"]
[Result "0-1"]
[WhiteElo "2180"]
[BlackElo "2330"]
[PlyCount "47"]
[GameId "2160767912472916"]
[EventDate "1990.06.04"]
[EventType "tourn"]
[EventRounds "9"]
[EventCountry "CAN"]
[SourceTitle "EXT 90b"]

1. e4 c5 2. c3 e6 3. d4 d5 4. e5 Nc6 5. Nf3 Bd7 6. a3 Rc8 7. b4 cxd4 8. cxd4 Qb6 9. Bb2 Na5 10. Bd3 Nc4 11. Bc3 Ne7 12. O-O Ng6 13. Re1 Be7 14. Qb3 O-O 15. a4 Nf4 16. Bf1 f6 17. Nbd2 fxe5 18. dxe5 Nxd2 19. Bxd2 Bc5 20. a5 Bxf2+ 21. Kh1 Qd8 22. Red1 Ng6 23. g3 a6 24. Be3 0-1

[Event "Quebec-ch"]
[Site "Montreal CAN"]
[Date "1990.06.08"]
[Round "5"]
[White "Roy, Alain"]
[Black "Ross, Dave"]
[Result "0-1"]
[WhiteElo "2169"]
[BlackElo "2330"]
[PlyCount "90"]
[GameId "2160767912472926"]
[EventDate "1990.06.04"]
[EventType "tourn"]
[EventRounds "9"]
[EventCountry "CAN"]
[SourceTitle "EXT 90b"]

1. Nf3 e6 2. g3 c5 3. Bg2 Nf6 4. O-O Nc6 5. d3 d5 6. Nbd2 Be7 7. e4 b6 8. Re1 Bb7 9. c3 Qc7 10. a3 O-O-O 11. e5 Nd7 12. d4 g5 13. h3 h5 14. Nf1 Rdg8 15. N3h2 c4 16. b4 cxb3 17. Qxb3 Na5 18. Qc2 Kb8 19. Ne3 Rc8 20. Bd2 Ba6 21. Reb1 h4 22. g4 Nf8 23. Qa4 Qb7 24. c4 Nxc4 25. Bb4 Ng6 26. Nf3 Bd8 27. Nxc4 Bxc4 28. Bd6+ Ka8 29. Nd2 Bd3 30. Rc1 Nf4 31. Kh2 Bc7 32. Qd7 Bb8 33. Qxb7+ Kxb7 34. Be7 Rxc1 35. Rxc1 Ne2 36. Re1 Nxd4 37. Bxg5 Nc2 38. Rd1 Bxe5+ 39. Kh1 Be2 40. Rc1 Nd4 41. Re1 Bg7 42. Be3 Bb5 43. Rb1 Bd3 44. Rb4 Nc6 45. Rf4 Bg6 0-1

[Event "Quebec-ch"]
[Site "Montreal CAN"]
[Date "1990.06.13"]
[Round "8"]
[White "Ross, Dave"]
[Black "Spraggett, Grant"]
[Result "1-0"]
[WhiteElo "2330"]
[BlackElo "2275"]
[PlyCount "37"]
[GameId "2160767912472939"]
[EventDate "1990.06.04"]
[EventType "tourn"]
[EventRounds "9"]
[EventCountry "CAN"]
[SourceTitle "EXT 90b"]

1. f4 d5 2. b3 d4 3. Bb2 c5 4. Nf3 Nc6 5. e3 dxe3 6. Bc4 Nf6 7. Qe2 exd2+ 8. Nbxd2 Bg4 9. O-O e6 10. h3 Bxf3 11. Nxf3 Be7 12. Rad1 Qc8 13. f5 exf5 14. Ne5 Nxe5 15. Qxe5 Qb8 16. Bb5+ Kf8 17. Qxf5 Qg3 18. Rd7 a6 19. Rxe7 1-0

[Event "Quebec-ch"]
[Site "Montreal CAN"]
[Date "1990.06.15"]
[Round "9"]
[White "Desforges, Jean"]
[Black "Ross, Dave"]
[Result "0-1"]
[WhiteElo "2011"]
[BlackElo "2330"]
[PlyCount "118"]
[GameId "2160767912472942"]
[EventDate "1990.06.04"]
[EventType "tourn"]
[EventRounds "9"]
[EventCountry "CAN"]
[SourceTitle "EXT 90b"]

1. d4 e6 2. e4 c5 3. Nf3 cxd4 4. Nxd4 Nf6 5. Nc3 Nc6 6. Be2 d6 7. O-O a6 8. Nxc6 bxc6 9. e5 dxe5 10. Qxd8+ Kxd8 11. Bg5 Kc7 12. f4 exf4 13. Bxf4+ Bd6 14. Bxd6+ Kxd6 15. Rad1+ Ke7 16. Bf3 Rb8 17. Na4 Bd7 18. b3 a5 19. Nc5 Be8 20. c4 g5 21. g3 h5 22. Rd2 h4 23. g4 Nd7 24. Ne4 f6 25. h3 Bg6 26. Rfd1 Ne5 27. Bg2 Bxe4 28. Bxe4 c5 29. Rd6 Rhd8 30. R6d2 Rxd2 31. Rxd2 a4 32. bxa4 Rb4 33. Rc2 Rxa4 34. Bg2 Nxc4 35. Bc6 Rb4 36. a4 Kd6 37. Bb5 Nb6 38. Rf2 Nxa4 39. Bxa4 Rxa4 40. Rxf6 Ra2 41. Kf1 Rd2 42. Ke1 Rd5 43. Rf8 c4 44. Ke2 Ke5 45. Rc8 Kd4 46. Kd2 Rc5 47. Rg8 Ke4 48. Rg6 Re5 49. Rf6 Kd4 50. Rf3 Rb5 51. Rf8 Rb2+ 52. Kd1 Rh2 53. Rg8 Kd3 54. Rd8+ Ke4 55. Rg8 Kf4 56. Rf8+ Kg3 57. Rg8 Rxh3 58. Rxg5 Rh1+ 59. Kd2 h3 0-1

[Event "Carnaval"]
[Site "Quebec CAN"]
[Date "1990.02.03"]
[Round "2"]
[White "Morin, Louis"]
[Black "Ross, Dave"]
[Result "1/2-1/2"]
[WhiteElo "1927"]
[BlackElo "2309"]
[PlyCount "30"]
[GameId "2160767912481451"]
[EventDate "1990.02.02"]
[EventType "swiss"]
[EventRounds "5"]
[EventCountry "CAN"]
[SourceTitle "hb 2013"]

1. e4 c5 2. d4 e6 3. Nf3 d5 4. e5 Nc6 5. c3 Bd7 6. Be2 f6 7. Bb5 Nxe5 8. Nxe5 fxe5 9. Qh5+ Ke7 10. Bxd7 Kxd7 11. dxe5 Qe8 12. Qf3 Ne7 13. c4 Nc6 14. cxd5 Nxe5 15. dxe6+ Kxe6 1/2-1/2

[Event "Carnaval"]
[Site "Quebec CAN"]
[Date "1990.02.04"]
[Round "5"]
[White "Teuton, Frank"]
[Black "Ross, Dave"]
[Result "1-0"]
[WhiteElo "2025"]
[BlackElo "2309"]
[PlyCount "91"]
[GameId "2160767912481459"]
[EventDate "1990.02.02"]
[EventType "swiss"]
[EventRounds "5"]
[EventCountry "CAN"]

1. e4 c5 2. Nf3 e6 3. d4 cxd4 4. Nxd4 Nf6 5. Nc3 Nc6 6. g3 d6 7. Bg2 Bd7 8. O-O a6 9. a4 Be7 10. h3 O-O 11. Kh2 Qc7 12. f4 Rfd8 13. Nb3 b6 14. Qe2 Bc8 15. Be3 Rb8 16. Qf2 Na5 17. Nxa5 bxa5 18. Rab1 Rb4 19. Na2 Nxe4 20. Qg1 Rc4 21. Bb6 Qd7 22. Qe3 Bb7 23. Bxd8 Bxd8 24. Nc3 f5 25. Nxe4 fxe4 26. b3 Rxc2 27. b4 axb4 28. Rxb4 Ba5 29. Rxe4 Bxe4 30. Qxe4 Rc5 31. Rb1 d5 32. Qd3 Qd6 33. Rb7 Bc7 34. Ra7 a5 35. Ra8+ Bb8 36. Qa3 g5 37. f5 h5 38. Rxb8+ Qxb8 39. Qxc5 h4 40. Qe3 Qxg3+ 41. Qxg3 hxg3+ 42. Kxg3 exf5 43. Bxd5+ Kg7 44. Be6 Kf6 45. Bd7 Ke5 46. Kf3 1-0

[Event "Labour Day op"]
[Site "Victoria CAN"]
[Date "1989.09.04"]
[Round "5"]
[White "Ross, Dave"]
[Black "Scoones, Dan"]
[Result "1/2-1/2"]
[WhiteElo "2316"]
[BlackElo "2251"]
[PlyCount "67"]
[GameId "2160767912502471"]
[EventDate "1989.09.02"]
[EventType "swiss"]
[EventCountry "CAN"]

1. d4 Nf6 2. Nf3 e6 3. c4 Bb4+ 4. Bd2 Qe7 5. g3 Nc6 6. Bg2 Bxd2+ 7. Nbxd2 d6 8. O-O O-O 9. e4 a5 10. Qc2 e5 11. d5 Nb8 12. b3 Na6 13. a3 Bd7 14. Rac1 Rfb8 15. Ne1 Be8 16. Nd3 Nd7 17. b4 axb4 18. axb4 c5 19. b5 Nc7 20. Bh3 Nb6 21. Ra1 Bd7 22. Bxd7 Nxd7 23. Qb2 b6 24. Rxa8 Rxa8 25. Ra1 Qe8 26. Nf1 Rxa1 27. Qxa1 Qa8 28. Qxa8+ Nxa8 29. Ne3 g6 30. f4 f6 31. Kf2 Nc7 32. Kf3 Ne8 33. h4 Ng7 34. Kg4 1/2-1/2

[Event "CAN-op"]
[Site "Edmonton CAN"]
[Date "1989.07.17"]
[Round "4"]
[White "Ross, Dave"]
[Black "Tukmakov, Vladimir"]
[Result "0-1"]
[WhiteElo "2309"]
[BlackElo "2590"]
[PlyCount "74"]
[GameId "2160767912519058"]
[EventDate "1989.07.15"]
[EventType "swiss"]
[EventRounds "10"]
[EventCountry "CAN"]
[SourceTitle "EXT 2017"]
[Source "ChessBase"]
[SourceDate "2016.10.25"]
[SourceVersion "1"]
[SourceVersionDate "2016.10.25"]
[SourceQuality "1"]

1. d4 e6 2. c4 f5 3. g3 Nf6 4. Bg2 c6 5. Nf3 d5 6. O-O Bd6 7. b3 Qe7 8. Bb2 O-O 9. Qc1 b5 10. Ne5 Bb7 11. Nd2 Nbd7 12. Ndf3 a5 13. a4 b4 14. Qe3 Rac8 15. Rac1 Ne4 16. Nxd7 Qxd7 17. Nd2 Nf6 18. Nf3 Ne4 19. Nd2 f4 20. Qd3 Ng5 21. gxf4 Rxf4 22. e3 Rh4 23. f4 Qf7 24. c5 Bc7 25. Nf3 Nxf3+ 26. Rxf3 Ra8 27. Rh3 Qh5 28. Rxh4 Qxh4 29. Qf1 g5 30. Bh3 gxf4 31. Bxe6+ Kh8 32. e4 f3 33. e5 Rf8 34. Qf2 Qh6 35. Bg4 Qg5 36. Qg3 f2+ 37. Kg2 Ba6 0-1

[Event "CAN-op"]
[Site "Edmonton CAN"]
[Date "1989.07.22"]
[Round "9"]
[White "Huber, Gregory"]
[Black "Ross, Dave"]
[Result "1-0"]
[WhiteElo "2118"]
[BlackElo "2309"]
[PlyCount "71"]
[GameId "2160767912519085"]
[EventDate "1989.07.15"]
[EventType "swiss"]
[EventRounds "10"]
[EventCountry "CAN"]
[SourceTitle "EXT 2017"]
[Source "ChessBase"]
[SourceDate "2016.10.25"]
[SourceVersion "1"]
[SourceVersionDate "2016.10.25"]
[SourceQuality "1"]

1. e4 e6 2. d4 d5 3. Nd2 c5 4. exd5 exd5 5. Ngf3 Nc6 6. Bb5 Bd6 7. dxc5 Bxc5 8. Nb3 Bd6 9. O-O Nge7 10. Nbd4 O-O 11. Bg5 f6 12. Bh4 Ne5 13. c3 Qc7 14. Bg3 Kh8 15. Ba4 a6 16. Bb3 Bg4 17. h3 Bd7 18. Re1 Rae8 19. Nc2 Be6 20. Nfd4 Bf7 21. Ne3 Nc4 22. Bxd6 Qxd6 23. Bxc4 dxc4 24. Qg4 Ng6 25. Ndf5 Qc5 26. Rad1 Rd8 27. h4 Rxd1 28. Rxd1 Rg8 29. Nd6 Qc7 30. Nxf7+ Qxf7 31. Qxc4 Qe7 32. Nf5 Qe5 33. Nd6 Rf8 34. Nf7+ Rxf7 35. Qxf7 Qb8 36. Rd7 1-0

[Event "Calgary/Edmonton Alberta"]
[Site "Calgary/Edmonton CAN"]
[Date "1987.12.??"]
[Round "1"]
[White "Yip, Michael"]
[Black "Ross, Dave"]
[Result "0-1"]
[WhiteElo "2408"]
[BlackElo "2037"]
[PlyCount "54"]
[GameId "2160767912583590"]
[EventDate "1987.12.??"]
[EventType "swiss"]
[EventRounds "6"]
[EventCountry "CAN"]
[SourceTitle "EXT 2022"]
[Source "ChessBase"]
[SourceDate "2021.10.06"]
[SourceVersion "1"]
[SourceVersionDate "2021.10.06"]
[SourceQuality "1"]

1. d4 Nf6 2. c4 e6 3. Nf3 c5 4. d5 exd5 5. cxd5 d6 6. Nc3 g6 7. Bf4 Bg7 8. Qa4+ Bd7 9. Qb3 b5 10. Nxb5 Bxb5 11. Qxb5+ Nbd7 12. Bxd6 Ne4 13. Be5 O-O 14. Bxg7 Kxg7 15. Qd3 Ndf6 16. Nd2 Nxd2 17. Kxd2 Rb8 18. Kc1 Qb6 19. Qc2 Qb4 20. f3 Nxd5 21. e4 Qe1+ 22. Qd1 Qxd1+ 23. Kxd1 Ne3+ 24. Kc1 Rfd8 25. b3 Rd1+ 26. Kb2 Rbd8 27. Bb5 R8d2+ 0-1

[Event "Calgary/Edmonton Alberta"]
[Site "Calgary/Edmonton CAN"]
[Date "1987.12.01"]
[Round "3"]
[White "Zissos, Andrew"]
[Black "Ross, Dave"]
[Result "0-1"]
[WhiteElo "2149"]
[BlackElo "2408"]
[PlyCount "58"]
[GameId "2160767912583595"]
[EventDate "1987.12.??"]
[EventType "swiss"]
[EventRounds "6"]
[EventCountry "CAN"]
[SourceTitle "EXT 2022"]
[Source "ChessBase"]
[SourceDate "2021.10.06"]
[SourceVersion "1"]
[SourceVersionDate "2021.10.06"]
[SourceQuality "1"]

1. Nf3 d6 2. d4 Nf6 3. g3 c6 4. c4 g6 5. Bg2 Bg7 6. O-O O-O 7. Nc3 Qa5 8. Qd2 Qh5 9. Qg5 Qxg5 10. Bxg5 Be6 11. b3 h6 12. Bd2 Nbd7 13. e3 Bf5 14. Nh4 Bd3 15. Rfd1 g5 16. Nf3 Bg6 17. Ne1 Ne8 18. Bc1 Rb8 19. Bb2 Nc7 20. Rd2 f5 21. f4 Rbd8 22. Rad1 Nf6 23. h3 Bh5 24. Rc1 e5 25. dxe5 dxe5 26. Rcc2 exf4 27. exf4 gxf4 28. gxf4 Ne6 29. Bf3 Nd4 0-1

[Event "Calgary/Edmonton Alberta"]
[Site "Calgary/Edmonton CAN"]
[Date "1987.12.01"]
[Round "4"]
[White "Ross, Dave"]
[Black "Reeve, Jeff"]
[Result "1-0"]
[WhiteElo "2037"]
[BlackElo "2355"]
[PlyCount "87"]
[GameId "2160767912583597"]
[EventDate "1987.12.??"]
[EventType "swiss"]
[EventRounds "6"]
[EventCountry "CAN"]
[SourceTitle "EXT 2022"]
[Source "ChessBase"]
[SourceDate "2021.10.06"]
[SourceVersion "1"]
[SourceVersionDate "2021.10.06"]
[SourceQuality "1"]

1. d4 Nf6 2. Nf3 g6 3. c4 c5 4. d5 b5 5. cxb5 a6 6. bxa6 Bxa6 7. Nc3 d6 8. e4 Bxf1 9. Kxf1 Bg7 10. g3 O-O 11. Kg2 Nbd7 12. Re1 Qb8 13. Re2 Qb7 14. h3 Nb6 15. Rb1 Nfd7 16. Bf4 c4 17. Qd2 Na4 18. Nxa4 Rxa4 19. Bh6 Bxh6 20. Qxh6 Rxa2 21. Ng5 Nf6 22. Re3 Rb8 23. Rf3 Qa7 24. e5 dxe5 25. d6 Qb7 26. Kh2 Qxf3 27. Nxf3 exd6 28. Qh4 e4 29. Qxf6 exf3 30. Qxd6 Raa8 31. Qd5 Ra4 32. Qxf3 Rab4 33. Qc3 h5 34. Qd4 Rb3 35. Rc1 Rxb2 36. Rxc4 R2b6 37. Kg2 Re6 38. Rc7 Rbe8 39. Qd7 Rf8 40. g4 hxg4 41. hxg4 Ree8 42. Qd4 Rc8 43. Rd7 Rce8 44. Kf3 1-0

[Event "Fraser Valley op"]
[Site "Clearbrook CAN"]
[Date "1987.10.12"]
[Round "5"]
[White "Pupols, Viktors"]
[Black "Ross, Dave"]
[Result "0-1"]
[WhiteElo "2260"]
[BlackElo "2290"]
[PlyCount "54"]
[GameId "2160767912583757"]
[EventDate "1987.10.10"]
[EventRounds "6"]
[EventCountry "CAN"]
[SourceTitle "EXT 2022"]
[Source "ChessBase"]
[SourceDate "2021.10.06"]
[SourceVersion "1"]
[SourceVersionDate "2021.10.06"]
[SourceQuality "1"]

1. d4 Nf6 2. c4 g6 3. Nf3 Bg7 4. b4 b6 5. Bb2 Bb7 6. e3 d6 7. Be2 Nbd7 8. Nc3 O-O 9. Qc2 e6 10. O-O c5 11. dxc5 dxc5 12. b5 Qc7 13. a4 Ng4 14. Rfd1 Bxf3 15. Bxf3 Qxh2+ 16. Kf1 Nde5 17. Bxa8 Rxa8 18. Qe4 Rf8 19. Ke2 f5 20. Qb7 Qh4 21. Rf1 Nh2 22. f3 Qxc4+ 23. Kf2 Nxf1 24. Rxf1 Nd3+ 25. Kg1 Nxb2 26. Nd1 Nxd1 27. Rxd1 Qe2 0-1

[Event "Paul Keres mem (12th)"]
[Site "Vancouver CAN"]
[Date "1987.05.16"]
[Round "3"]
[White "Berry, Jonathan"]
[Black "Ross, Dave"]
[Result "0-1"]
[WhiteElo "2295"]
[BlackElo "2290"]
[PlyCount "84"]
[GameId "2160767912649784"]
[EventDate "1987.05.15"]
[EventType "swiss"]
[EventRounds "7"]
[EventCountry "CAN"]
[SourceTitle "EXT 2022"]
[Source "ChessBase"]
[SourceDate "2021.10.06"]
[SourceVersion "1"]
[SourceVersionDate "2021.10.06"]
[SourceQuality "1"]

1. e4 e6 2. d4 d5 3. Nc3 Bb4 4. e5 Qd7 5. Bd2 b6 6. Bb5 Nc6 7. Nce2 Bf8 8. Nf3 Bb7 9. O-O Nge7 10. Re1 Nf5 11. c3 h5 12. Bg5 a6 13. Ba4 Be7 14. Bxe7 Qxe7 15. Bc2 Nh4 16. Nxh4 Qxh4 17. g3 Qe7 18. Nf4 h4 19. Qg4 O-O-O 20. Re3 Kb8 21. Ng2 g5 22. Rf1 Rdg8 23. f4 gxf4 24. Qxf4 hxg3 25. Rxg3 Rxg3 26. hxg3 Nd8 27. Qf6 Qf8 28. Nf4 Rh6 29. Qg5 Qh8 30. Ng2 Rh2 31. Rf4 Qh3 32. Ne3 Rh1+ 33. Kf2 Qh2+ 34. Kf3 Kc8 35. Rh4 Qg1 36. Bd3 c5 37. Bf1 Rh2 38. Rxh2 Qxh2 39. Bg2 Qh7 40. Qe7 cxd4 41. cxd4 Qe4+ 42. Ke2 Qxd4 0-1

[Event "Paul Keres mem (12th)"]
[Site "Vancouver CAN"]
[Date "1987.05.17"]
[Round "5"]
[White "Fullbrook, Nigel"]
[Black "Ross, Dave"]
[Result "0-1"]
[WhiteElo "2285"]
[BlackElo "2290"]
[PlyCount "94"]
[GameId "2160767912649792"]
[EventDate "1987.05.15"]
[EventType "swiss"]
[EventRounds "7"]
[EventCountry "CAN"]
[SourceTitle "EXT 2022"]
[Source "ChessBase"]
[SourceDate "2021.10.06"]
[SourceVersion "1"]
[SourceVersionDate "2021.10.06"]
[SourceQuality "1"]

1. e4 c5 2. Nf3 e6 3. d4 cxd4 4. Nxd4 Nf6 5. Nc3 d6 6. Be3 a6 7. g4 d5 8. e5 Ne4 9. Nxe4 dxe4 10. f4 exf3 11. Nxf3 Qc7 12. Qe2 Bd7 13. O-O-O Bc6 14. Bg2 Nd7 15. Rhe1 Be7 16. Kb1 O-O 17. Bd4 b5 18. g5 Nb6 19. Bxb6 Qxb6 20. Nd2 Bxg5 21. Ne4 Bxe4 22. Bxe4 Rad8 23. Qh5 Rxd1+ 24. Rxd1 Bh6 25. Re1 Qf2 26. Qe2 Qxe2 27. Rxe2 Rd8 28. b4 Bd2 29. a3 Bc3 30. Ka2 Rd7 31. Bd3 g6 32. h3 Kg7 33. Re3 Rc7 34. Be2 Bd4 35. Re4 Rxc2+ 36. Kb1 Rb2+ 37. Kc1 Ra2 38. a4 bxa4 39. Bxa6 Bb6 40. Re2 Rxe2 41. Bxe2 Bd4 42. b5 Bxe5 43. b6 Bd6 44. Kb2 f5 45. b7 Kf6 46. Bb5 a3+ 47. Kb3 e5 0-1

[Event "BC-ch 1986-87"]
[Site "Vancouver CAN"]
[Date "1986.??.??"]
[Round "1"]
[White "Berry, Jonathan"]
[Black "Ross, Dave"]
[Result "0-1"]
[WhiteElo "2295"]
[BlackElo "2290"]
[PlyCount "144"]
[GameId "2160767912650603"]
[EventDate "1986.12.??"]
[EventType "tourn"]
[EventRounds "9"]
[EventCountry "CAN"]
[SourceTitle "EXT 2002"]
[Source "ChessBase"]
[SourceDate "2001.11.25"]
[SourceVersion "1"]
[SourceVersionDate "2001.11.25"]
[SourceQuality "1"]

1. d4 Nf6 2. Nf3 e6 3. Bg5 c5 4. e3 h6 5. Bxf6 Qxf6 6. Nbd2 cxd4 7. exd4 b6 8. Bd3 Bb7 9. O-O Qd8 10. Qe2 Be7 11. Ne5 Nc6 12. c3 d6 13. Nxc6 Bxc6 14. f4 g6 15. a4 Kf8 16. Nc4 a5 17. Ne3 Bf6 18. Bb5 Be4 19. Ng4 Bd5 20. Rad1 Rc8 21. c4 Bb7 22. d5 exd5 23. cxd5 Kg7 24. Rd3 Rc5 25. Qd2 Bc8 26. Ne3 h5 27. b3 Rf8 28. h3 Qc7 29. Nc4 Bf5 30. Re3 Rd8 31. Rfe1 Rxb5 32. axb5 Qc5 33. Kh2 Qxb5 34. Qe2 Qxd5 35. g4 hxg4 36. hxg4 Be6 37. Rh3 Qd4 38. Rf1 g5 39. fxg5 Bxg5 40. Qf3 b5 41. Ne3 Qe5+ 42. Qg3 Kg6 43. Nf5 Rc8 44. Rf2 Rc1 45. Nxd6 Qxg3+ 46. Kxg3 a4 47. bxa4 bxa4 48. Kh2 Bd5 49. Rf5 Be6 50. Rf2 Bf6 51. Rd2 Be5+ 52. Kg2 Bxg4 53. Ra3 Bd7 54. Kf2 Bc6 55. Nc8 Kg5 56. Nb6 Bc3 57. Rd6 Be1+ 58. Ke2 Bb4 59. Rg3+ Kf4 60. Rdd3 Re1+ 61. Kf2 Re5 62. Nd7 Be1+ 63. Kf1 Bxg3 64. Nxe5 Bb5 65. Kg2 Bxd3 66. Nxd3+ Ke3 67. Nc5 Be5 68. Nxa4 Bd4 69. Kg3 f5 70. Kg2 f4 71. Kf1 Kf3 72. Ke1 Kg2 0-1

[Event "BC-ch 1986-87"]
[Site "Vancouver CAN"]
[Date "1986.??.??"]
[Round "3"]
[White "Fullbrook, Nigel"]
[Black "Ross, Dave"]
[Result "0-1"]
[WhiteElo "2285"]
[BlackElo "2290"]
[PlyCount "35"]
[GameId "2160767912650614"]
[EventDate "1986.12.??"]
[EventType "tourn"]
[EventRounds "9"]
[EventCountry "CAN"]
[SourceTitle "EXT 2002"]
[Source "ChessBase"]
[SourceDate "2001.11.25"]
[SourceVersion "1"]
[SourceVersionDate "2001.11.25"]
[SourceQuality "1"]

1. e4 c5 2. Nf3 d6 3. d4 cxd4 4. Nxd4 Nf6 5. Nc3 a6 6. Bg5 e6 7. f4 b5 8. e5 dxe5 9. fxe5 Qc7 10. exf6 Qe5+ 11. Ne4 Qxe4+ 12. Be2 Qxg2 13. Nc6 Qxh1+ 14. Bf1 Nxc6 15. Qg4 h5 16. Qg3 Qe4+ 17. Be3 h4 18. Qg1 0-1